EM-Torschützenkönige - Statistiken

Allgemein
  • Dieses Quiz wurde 15 mal gespielt
  • Das Durchschnittsergebnis liegt bei 5 aus 17
Antwortstatistiken
Hint Antwort % Korrekt
2024 Dani Olmo
67%
2016 Griezmann
67%
2020 Patrick Schick
58%
2012 Torres
50%
2008 David Villa
42%
1972 Gerd Müller
33%
1984 Platini
33%
1988 Van Basten
33%
1980 Allofs
25%
1976 Dieter Müller
25%
1996 Shearer
25%
2004 Milan Baroš
17%
1968 Dragan Džajić
8%
1964 Jesús María Pereda
8%
1992 Larsen
8%
1960 Valentin Ivanov
8%
2000 Kluviert
0%
Keine übereinstimmenden Quizze gefunden
Verteilung der Resultate
Anzahl Personen mit jedem Resultat
Perzentil nach korrekt beantworteten Fragen
Ihre Resultats-Entwicklung
Sie haben dieses Quiz noch nicht gespielt